|
|
|
|
| LEADER |
02652nam a2200301 a 4500 |
| 001 |
0010055 |
| 003 |
BD-DhAAL |
| 008 |
090712s1996 enk 000 1 eng d |
| 010 |
|
|
|a \\\96206680
|
| 020 |
|
|
|a 0140157565
|
| 020 |
|
|
|a 9780140157567
|
| 040 |
|
|
|a IaDL
|c IaDL
|d DLC
|d BD-DhAAL
|
| 082 |
0 |
0 |
|a 863
|2 21
|
| 100 |
2 |
|
|a García Márquez, Gabriel,
|d 1928-
|
| 240 |
1 |
0 |
|a Short stories.
|l English
|
| 245 |
1 |
0 |
|a Collected stories /
|c Gabriel García Márquez ; translated from the Spanish by Gregory Rabassa and J.S. Bernstein.
|
| 260 |
|
|
|a London, England ;
|a New York, N.Y., USA ;
|a India :
|b Penguin Books,
|c 1996.
|
| 300 |
|
|
|a 292 p. ;
|c 20 cm.
|
| 500 |
|
|
|a "This collection first published by Jonathan Cape, 1991."--T.p. verso.
|
| 500 |
|
|
|a Originally published separately in three volumes under the titles: No one writes to the Colonel, and other stories, c1968, Leaf storm, and other stories, c1972, Innocent Eréndira, and other stories, c1978.
|
| 505 |
0 |
|
|a I. Eyes of a Blue Dog : The third resignation -- The other side of death -- Eva is inside her cat -- Bitterness for three sleepwalkers -- Dialogue with the mirror -- Eyes of a blue dog -- The woman who came at six o'clock -- Nabo: the black man who made the angels wait -- Someone has been disarranging these roses -- The night of the curlews -- Monologue of Isabel watching it rain in Macondo -- II. Big Mama's Funeral : Tuesday siesta -- One of these days -- There are no thieves in this town -- Balthazar's marvelous afternoon -- Montiel's widow -- One day after Saturday -- Artificial roses --Big mama's funeral -- III. The Incredible and Sad Tale of Innocent Eréndira and Her Heartless Grandmother : A very old man with enormous wings -- The sea of lost time -- The handsomest drowned man in the world -- Death constant beyond love -- The last voyage of the ghost ship -- Blacamán the Good, vendor of miracles -- The incredible and sad tale of innocent Eréndira and her heartless grandmother.
|
| 541 |
1 |
|
|e 0010055
|
| 600 |
2 |
0 |
|a García Márquez, Gabriel,
|d 1928-
|x Translations into English.
|9 40066
|
| 852 |
4 |
|
|a Ayesha Abed Library
|c General Stacks
|
| 942 |
|
|
|2 ddc
|c BK
|
| 999 |
|
|
|c 2298
|d 2298
|
| 952 |
|
|
|0 0
|1 0
|2 ddc
|4 0
|6 863_GAR_199600000000000
|7 0
|9 8029
|a BRACUL
|b SCL
|c GEN
|d 2010-02-11
|l 15
|m 118
|o 863 GAR
|p 3010010055
|q 2026-06-08
|r 2025-06-18
|s 2025-06-18
|t 1
|w 2010-02-11
|y BK
|
| 952 |
|
|
|0 0
|1 3
|2 ddc
|4 0
|6 863_000000000000000_GAR
|7 0
|9 43890
|a BRACUL
|b BRACUL
|d 2014-10-21
|e Friends Book Corner
|g 559.00
|l 3
|m 16
|o 863 GAR
|p 3010028450
|r 2024-12-22
|s 2024-09-18
|t 2
|v 1118.00
|w 2014-10-21
|y BK
|x Transferred from BIL to BRACUL on 06/06/22 ; Paid: 1118/= by 23336027 Transaction ID: 435716002936 Date: 22-12-2024
|